000 00305nam a22001337a 4500
008 170427b xxu||||| |||| 00| 0 eng d
020 _a9781551111797
041 _aeng
080 _a34
100 _a13
101 _aSHJ
245 _aREADINGS IN THE PHILOSOPHY OF LAW
_cCULVER.K
942 _2udc
_cBK
999 _c12286
_d12286